Loading...
| Philosophy | 0 | 6 | 1 | 0 | 55 | 42 | 58.00 | 3 | 6 | 0.00 | 0.00 |
| History - European | 0 | 3 | 0 | 1 | 30 | 80 | 107.33 | 1 | 1 | 0.00 | 0.00 |
| History - Other | 0 | 3 | 0 | 0 | 30 | 42 | 89.67 | 1 | 2 | 0.00 | 0.00 |
| Social Science | 0 | 3 | 1 | 0 | 25 | 19 | 58.67 | 2 | 3 | 0.00 | 0.00 |
| Literature - European | 0 | 2 | 0 | 0 | 20 | 67 | 81.50 | 0 | 2 | 0.00 | 0.00 |
| History - American | 0 | 2 | 0 | 0 | 20 | 69 | 83.50 | 1 | 2 | 0.00 | 0.00 |
| Literature - American | 0 | 2 | 0 | 0 | 20 | 104 | 113.00 | 0 | 1 | 0.00 | 0.00 |
| Mythology | 0 | 2 | 0 | 0 | 20 | 62 | 63.00 | 1 | 2 | 0.00 | 0.00 |
| Science - Biology | 0 | 2 | 0 | 0 | 20 | 91 | 96.00 | 1 | 2 | 0.00 | 0.00 |
| History - World | 0 | 1 | 0 | 0 | 10 | 27 | 27.00 | 1 | 1 | 0.00 | 0.00 |
| Science - Chemistry | 0 | 1 | 0 | 0 | 10 | 74 | 74.00 | 0 | 0 | 0.00 | 0.00 |
| Current Events | 0 | 1 | 0 | 0 | 10 | 17 | 17.00 | 1 | 1 | 0.00 | 0.00 |
| Religion | 0 | 0 | 1 | 0 | -5 | 0.00 | 0 | 0 | 0.00 | 0.00 |